| 000 | 00659nam a2200205Ia 4500 | ||
|---|---|---|---|
| 003 | GCL | ||
| 008 | 140319s9999 xx 000 0 ara d | ||
| 040 |
_aGCL / _cGCL |
||
| 082 | 0 | 4 |
_aط _bد _b050 _bف ع |
| 100 | 1 | _aفاروق يوسف | |
| 245 | 1 | 0 |
_aالعصفور: دورية تعنى بشئون المختصين بثقافة الاطفال / _cفاروق يوسف |
| 700 | 1 | _aفاروق سالوم | |
| 300 | _a64 ص | ||
| 490 |
_aالهيئة العامة للاستعلامات _v0 |
||
| 650 | 0 | 4 | _aالاطفال |
| 650 | 0 | 4 | _aالثقافة العربية |
| 650 | 0 | 4 | _aالدوريات |
| 650 | 0 | 4 | _aثقافة الاطفال |
| 942 |
_2ddc _cBK |
||
| 999 |
_c51390 _d51390 |
||